000
00324nam a22001337a 4500
008
180917b xxu||||| |||| 00| 0 eng d
020
_a
9781605477275
041
_a
eng
080
_2
5 ED
_a
610.73
100
_a
2
101
_a
MUR
245
_a
Psychiatric Nursing Contemporary Practice
_c
Boyd M
942
_2
udc
_c
BK
999
_c
47844
_d
47844